[Event "BL 1617 DJK Aachen - Schwäbisch Hall"]
[Site "?"]
[Date "2016.10.16"]
[Round "2.1"]
[White "Matlakov, Maxim Sergeevich"]
[Black "Nijboer, Friso"]
[Result "1/2-1/2"]
[WhiteElo "2691"]
[BlackElo "2546"]
[PlyCount "97"]
[EventDate "2016.??.??"]

1. d4 f5 2. g3 Nf6 3. Bg2 g6 4. Nf3 Bg7 5. O-O O-O 6. b3 d6 7. Bb2 a5 8. c4 a4
9. Nbd2 c6 10. Qc2 axb3 11. axb3 Rxa1 12. Rxa1 Na6 13. Bc3 Kh8 14. Ne1 g5 15.
e4 fxe4 16. Nxe4 Bf5 17. Qe2 Nxe4 18. Bxe4 Bxe4 19. Qxe4 d5 20. Qe3 g4 21. Nd3
Rf3 22. Qd2 dxc4 23. bxc4 Qg8 24. Ne5 Bxe5 25. dxe5 Qe6 26. Rb1 Nc5 27. Qd4 Rd3
28. Qxc5 Rxc3 29. Rxb7 Rc1+ 30. Kg2 Rxc4 31. Rxe7 Rxc5 32. Rxe6 Kg7 33. f4
gxf3+ 34. Kxf3 Rc4 35. Rd6 h5 36. Rd7+ Kg6 37. e6 Rc1 38. Rc7 Kf6 39. Rh7 Kxe6
40. Rxh5 c5 41. h4 c4 42. g4 Rh1 43. Rh6+ Kd5 44. Rh8 c3 45. Rc8 Rxh4 46. Kg3
Rh1 47. Rxc3 Ke6 48. Rf3 Rh7 49. g5 1/2-1/2

[Event "BL 1617 DJK Aachen - Schwäbisch Hall"]
[Site "?"]
[Date "2016.10.16"]
[Round "2.2"]
[White "Dambacher, Martijn"]
[Black "Laznicka, Viktor"]
[Result "0-1"]
[WhiteElo "2480"]
[BlackElo "2651"]
[PlyCount "90"]
[EventDate "2016.??.??"]

1. d4 d5 2. c4 c6 3. Nf3 Nf6 4. e3 a6 5. Nbd2 Bf5 6. Nh4 Be4 7. Be2 e6 8. O-O
Nbd7 9. g3 Bd6 10. b3 g5 11. Nhf3 g4 12. Nh4 h5 13. f3 Bh7 14. cxd5 cxd5 15.
Bb2 Rc8 16. Rc1 gxf3 17. Bxf3 Rxc1 18. Qxc1 Ng4 19. Bxg4 hxg4 20. Ba3 Bb8 21.
Qc3 f6 22. Ng2 Kf7 23. Nf4 Qb6 24. Rc1 Qb5 25. Qb4 Qxb4 26. Bxb4 Bf5 27. Rc3
Nb6 28. Ba5 Na8 29. Bb4 Nc7 30. a4 e5 31. Ne2 Ne6 32. Ba3 Ng5 33. Kg2 Nf3 34.
Nf1 Be4 35. Kf2 Nxh2 36. Nd2 Nf3 37. Nxe4 dxe4 38. d5 Rd8 39. Rc4 Nd2 40. Rc2
Nxb3 41. Rb2 Na5 42. Bb4 Nc4 43. Rc2 b5 44. axb5 axb5 45. Nc3 Rh8 0-1

[Event "BL 1617 DJK Aachen - Schwäbisch Hall"]
[Site "?"]
[Date "2016.10.16"]
[Round "2.3"]
[White "Gharamian, Tigran"]
[Black "Swinkels, Robin"]
[Result "1/2-1/2"]
[WhiteElo "2626"]
[BlackElo "2484"]
[PlyCount "111"]
[EventDate "2016.??.??"]

1. e4 c5 2. Nf3 d6 3. Bb5+ Bd7 4. Bxd7+ Qxd7 5. c4 Nc6 6. d4 cxd4 7. Nxd4 g6 8.
b3 Bg7 9. Bb2 Nf6 10. Nc3 Qg4 11. Qxg4 Nxg4 12. Nxc6 bxc6 13. h3 Nf6 14. Na4
O-O 15. e5 Ne4 16. O-O Rfd8 17. Rfe1 Ng5 18. exd6 exd6 19. Bxg7 Kxg7 20. Rad1
Ne6 21. Rd2 d5 22. cxd5 cxd5 23. Rc1 d4 24. Nc5 Nxc5 25. Rxc5 Rd7 26. Kf1 d3
27. Ke1 a5 28. Kd1 Rd4 29. Kc1 a4 30. Kb2 axb3 31. axb3 Rad8 32. Kc3 R4d6 33.
b4 h5 34. h4 R8d7 35. g3 Rd8 36. b5 R8d7 37. Kb4 Rd8 38. Rc6 Rd4+ 39. Rc4 R4d5
40. Rc5 R5d6 41. Rc6 Rd4+ 42. Kc3 R4d5 43. Kc4 Rd4+ 44. Kc5 R4d5+ 45. Kc4 Rd4+
46. Kb3 R4d5 47. Ka4 Rd4+ 48. Ka5 Ra8+ 49. Kb6 Rb8+ 50. Kc5 Rbd8 51. Rc7 R4d5+
52. Kb4 R5d6 53. Rc5 Rb8 54. Kc4 Rbd8 55. Kc3 R6d7 56. Kb4 1/2-1/2

[Event "BL 1617 DJK Aachen - Schwäbisch Hall"]
[Site "?"]
[Date "2016.10.16"]
[Round "2.4"]
[White "Hoffmann, Michael"]
[Black "Cornette, Matthieu"]
[Result "1/2-1/2"]
[WhiteElo "2471"]
[BlackElo "2599"]
[PlyCount "43"]
[EventDate "2016.??.??"]

1. e4 e5 2. Nf3 Nc6 3. Bb5 a6 4. Ba4 Nge7 5. c3 g6 6. d4 exd4 7. cxd4 b5 8. Bb3
Bg7 9. d5 Na5 10. Bd2 Nxb3 11. Qxb3 c5 12. dxc6 dxc6 13. Bc3 Be6 14. Qc2 f6 15.
O-O c5 16. e5 f5 17. Ng5 Qc8 18. b3 O-O 19. Rd1 Bd5 20. e6 Bh6 21. h4 Bxe6 22.
Bb2 1/2-1/2

[Event "BL 1617 DJK Aachen - Schwäbisch Hall"]
[Site "?"]
[Date "2016.10.16"]
[Round "2.5"]
[White "Michalik, Peter"]
[Black "Zaragatski, Ilja"]
[Result "1-0"]
[WhiteElo "2554"]
[BlackElo "2502"]
[PlyCount "67"]
[EventDate "2016.??.??"]

1. e4 c5 2. Nf3 e6 3. d4 cxd4 4. Nxd4 Nc6 5. Nc3 Qc7 6. Qd3 Nxd4 7. Qxd4 a6 8.
Be3 b5 9. a4 b4 10. Na2 Rb8 11. Qa7 Qxa7 12. Bxa7 Ra8 13. Bd4 Nf6 14. f3 Be7
15. Nc1 d6 16. a5 e5 17. Bf2 Bb7 18. Nd3 d5 19. exd5 e4 20. Nc5 Bxd5 21. Nxa6
Rc8 22. fxe4 Bxe4 23. Bb5+ Bc6 24. Bd3 Ne4 25. Bb6 Bh4+ 26. g3 Bf6 27. Nxb4
Nxg3 28. Nxc6 Nxh1 29. Ba6 Bxb2 30. Rd1 Ra8 31. Bb7 O-O 32. Bxa8 Rxa8 33. Rd8+
Rxd8 34. Nxd8 1-0

[Event "BL 1617 DJK Aachen - Schwäbisch Hall"]
[Site "?"]
[Date "2016.10.16"]
[Round "2.6"]
[White "Braga, Fernando"]
[Black "Wirig, Anthony"]
[Result "1/2-1/2"]
[WhiteElo "2422"]
[BlackElo "2481"]
[PlyCount "76"]
[EventDate "2016.??.??"]

1. Nf3 d5 2. c4 c6 3. e3 Nf6 4. d4 a6 5. Bd3 Bg4 6. Nbd2 e6 7. O-O Nbd7 8. Re1
dxc4 9. Bxc4 Nb6 10. Bf1 c5 11. h3 Bh5 12. dxc5 Bxc5 13. Nb3 Bb4 14. Bd2 Bxd2
15. Nbxd2 Bxf3 16. gxf3 O-O 17. Qb3 Nbd5 18. Nc4 Qe7 19. Rac1 Rac8 20. a3 Rc7
21. Rc2 Nd7 22. Rec1 Nc5 23. Qa2 b5 24. Nd2 Rfc8 25. Ne4 g6 26. Rxc5 Rxc5 27.
Rxc5 Rxc5 28. Nxc5 Qxc5 29. Qb1 a5 30. b4 axb4 31. axb4 Nxb4 32. Qb2 Qg5+ 33.
Kh1 Qh4 34. Kg2 h5 35. f4 Qe7 36. Kg1 Qc5 37. Qe2 Kg7 38. Qxb5 Qxb5 1/2-1/2

[Event "BL 1617 DJK Aachen - Schwäbisch Hall"]
[Site "?"]
[Date "2016.10.16"]
[Round "2.7"]
[White "Womacka, Mathias"]
[Black "Braun, Christian"]
[Result "1/2-1/2"]
[WhiteElo "2424"]
[BlackElo "2376"]
[PlyCount "46"]
[EventDate "2016.??.??"]

1. e4 e6 2. d4 d5 3. Nd2 Be7 4. Ngf3 Nf6 5. e5 Nfd7 6. Bd3 c5 7. c3 Nc6 8. O-O
g5 9. dxc5 g4 10. Nd4 Ndxe5 11. Bb5 Bd7 12. N2b3 h5 13. Re1 Nxd4 14. Qxd4 Bxb5
15. Qxe5 Bf6 16. Qf4 Qe7 17. Be3 e5 18. Qb4 Bc6 19. Na5 O-O 20. Nxc6 bxc6 21.
Qa4 Qe6 22. b4 a6 23. Rad1 Bg7 1/2-1/2

[Event "BL 1617 DJK Aachen - Schwäbisch Hall"]
[Site "?"]
[Date "2016.10.16"]
[Round "2.8"]
[White "Di Benedetto, Edoardo"]
[Black "Zpevak, Pavel"]
[Result "1/2-1/2"]
[WhiteElo "2241"]
[BlackElo "2343"]
[PlyCount "74"]
[EventDate "2016.??.??"]

1. Nf3 Nf6 2. c4 d6 3. d4 Nbd7 4. g3 e5 5. dxe5 dxe5 6. Bg2 Be7 7. O-O O-O 8.
Nc3 c6 9. Qc2 Qc7 10. b3 Re8 11. Bb2 Bf8 12. Rad1 a5 13. Ng5 h6 14. Nge4 Nxe4
15. Nxe4 Nc5 16. Rd2 Nxe4 17. Bxe4 Bb4 18. Bc3 Bxc3 19. Qxc3 Bh3 20. Rfd1 Rad8
21. c5 Rxd2 22. Qxd2 Be6 23. Qd3 Qe7 24. Qc3 Qc7 25. Rd6 Bc8 26. a3 Kf8 27. Qd3
Qe7 28. h4 f5 29. Bg2 e4 30. Qc3 Be6 31. Bh3 Qf7 32. Qxa5 Bxb3 33. Qd2 Be6 34.
Rd8 Rxd8 35. Qxd8+ Qe8 36. Qd6+ Qe7 37. Qe5 Qd7 1/2-1/2

[Event "BL 1617 Werder Bremen - SG Solingen"]
[Site "?"]
[Date "2016.11.19"]
[Round "3.1"]
[White "Harikrishna, Pentala"]
[Black "McShane, Luke J"]
[Result "1-0"]
[WhiteElo "2768"]
[BlackElo "2655"]
[PlyCount "93"]
[EventDate "2016.??.??"]

1. e4 e5 2. Nf3 Nc6 3. Bb5 Nf6 4. d3 Bc5 5. Bxc6 dxc6 6. Nbd2 O-O 7. Qe2 Re8 8.
Nc4 Nd7 9. h4 b5 10. Ne3 Nf8 11. Nf5 Bxf5 12. exf5 Qd5 13. Ng5 Qxg2 14. Rf1 Nd7
15. Ne4 Be7 16. Bg5 Bxg5 17. hxg5 Qh3 18. f6 gxf6 19. gxf6 Kh8 20. Ng5 Qh4 21.
Rg1 Rf8 22. Qf3 Qf4 23. Qh5 Nxf6 24. Nxf7+ Rxf7 25. Qxf7 Qh6 26. Ke2 e4 27. Rh1
exd3+ 28. cxd3 Qf8 29. Qxf8+ Rxf8 30. Rh4 Nd5 31. Rah1 Rf7 32. Re4 Kg7 33. Rhh4
h5 34. f4 Kg6 35. Re6+ Kf5 36. Re5+ Kf6 37. Kf3 Nb4 38. Rhxh5 Rd7 39. Ref5+ Ke6
40. Ke4 Rd8 41. Re5+ Kf6 42. Rhf5+ Kg6 43. Re6+ Kg7 44. a3 Nxd3 45. Rxc6 Nxb2
46. Rxc7+ Kg6 47. Rc6+ 1-0

[Event "BL 1617 Werder Bremen - SG Solingen"]
[Site "?"]
[Date "2016.11.19"]
[Round "3.2"]
[White "Bluebaum, Matthias"]
[Black "Ragger, Markus"]
[Result "1/2-1/2"]
[WhiteElo "2641"]
[BlackElo "2694"]
[PlyCount "40"]
[EventDate "2016.??.??"]

1. Nf3 Nf6 2. g3 c5 3. Bg2 Nc6 4. O-O d5 5. d4 cxd4 6. Nxd4 e5 7. Nxc6 bxc6 8.
c4 Be6 9. Bg5 Rc8 10. cxd5 cxd5 11. e3 Be7 12. Nc3 e4 13. Qd2 h6 14. Bxf6 Bxf6
15. Rac1 O-O 16. Rfd1 Bg4 17. Rf1 Be6 18. Rfd1 Bg4 19. Rf1 Be6 20. Rfd1 Bg4
1/2-1/2

[Event "BL 1617 Werder Bremen - SG Solingen"]
[Site "?"]
[Date "2016.11.19"]
[Round "3.3"]
[White "Van Kampen, Robin"]
[Black "Hracek, Zbynek"]
[Result "1/2-1/2"]
[WhiteElo "2640"]
[BlackElo "2607"]
[PlyCount "76"]
[EventDate "2016.??.??"]

1. e4 e5 2. Nf3 Nc6 3. Bb5 Nf6 4. d3 Bc5 5. O-O d6 6. h3 O-O 7. c3 Bd7 8. Re1
Bb6 9. Nbd2 Ne7 10. Bxd7 Qxd7 11. Nc4 Ng6 12. Qb3 Rfe8 13. Bg5 Nh5 14. a4 Nhf4
15. d4 Nxh3+ 16. gxh3 Qxh3 17. Ncd2 Re6 18. a5 h6 19. Nh2 hxg5 20. Re3 Qh4 21.
axb6 cxb6 22. Rg3 Nf4 23. Re1 Nh3+ 24. Kg2 Nf4+ 25. Kg1 Nh3+ 26. Kg2 Nf4+ 27.
Kh1 Rh6 28. Ndf3 Qh5 29. Kg1 Re8 30. Kf1 g4 31. Nxg4 Rg6 32. Qb5 Ree6 33. Ngh2
Rxg3 34. fxg3 Qh3+ 35. Kf2 Qg2+ 36. Ke3 Qxg3 37. Rf1 exd4+ 38. cxd4 Qg6 1/2-1/2

[Event "BL 1617 Werder Bremen - SG Solingen"]
[Site "?"]
[Date "2016.11.19"]
[Round "3.4"]
[White "Nyback, Tomi"]
[Black "Predojevic, Borki"]
[Result "1/2-1/2"]
[WhiteElo "2575"]
[BlackElo "2636"]
[PlyCount "54"]
[EventDate "2016.??.??"]

1. d4 Nf6 2. c4 e6 3. g3 Bb4+ 4. Bd2 Be7 5. Bg2 d5 6. Nf3 O-O 7. O-O Nbd7 8.
Qc2 c6 9. Bf4 a5 10. Rd1 h6 11. b3 b6 12. Ne5 Bb7 13. cxd5 cxd5 14. Nc6 Bxc6
15. Qxc6 Rc8 16. Qb5 Ne8 17. Qd3 Bg5 18. Bxg5 Qxg5 19. Nc3 Nd6 20. Rac1 Rc7 21.
h4 Qd8 22. Qd2 Qb8 23. Qf4 Rcc8 24. Na4 Rxc1 25. Rxc1 Rc8 26. Rxc8+ Nxc8 27.
Qxb8 Nxb8 1/2-1/2

[Event "BL 1617 Werder Bremen - SG Solingen"]
[Site "?"]
[Date "2016.11.19"]
[Round "3.5"]
[White "Smeets, Jan"]
[Black "Babula, Vlastimil"]
[Result "1/2-1/2"]
[WhiteElo "2597"]
[BlackElo "2548"]
[PlyCount "105"]
[EventDate "2016.??.??"]

1. e4 c5 2. Nf3 e6 3. c4 Nc6 4. Be2 Nd4 5. Nxd4 cxd4 6. d3 Ne7 7. O-O Nc6 8. f4
Be7 9. Nd2 O-O 10. Nf3 d5 11. cxd5 exd5 12. e5 Qb6 13. Rb1 a5 14. Bd2 f6 15. a3
Bd7 16. Qe1 Rae8 17. Qg3 Bd6 18. Rbe1 Bb8 19. b4 axb4 20. axb4 fxe5 21. Nxe5
Nxe5 22. fxe5 Bxe5 23. Rxf8+ Kxf8 24. Qf3+ Qf6 25. Rf1 Qxf3 26. Bxf3 Bf6 27.
Bxd5 Bc6 28. Bxc6 bxc6 29. Bg5 Kf7 30. Bxf6 gxf6 31. Rf4 Rd8 32. Rh4 Ke6 33.
Kf2 Ke5 34. Rxh7 Rb8 35. Rh5+ f5 36. Kf3 c5 37. g4 cxb4 38. Rxf5+ Kd6 39. Ke4
b3 40. Rf1 Kc5 41. Rb1 Re8+ 42. Kf5 Kb4 43. h4 Kc3 44. g5 Kc2 45. Rxb3 Kxb3 46.
g6 Kc3 47. g7 Kxd3 48. h5 Kc2 49. h6 d3 50. h7 d2 51. g8=Q Rxg8 52. hxg8=Q d1=Q
53. Ke4 1/2-1/2

[Event "BL 1617 Werder Bremen - SG Solingen"]
[Site "?"]
[Date "2016.11.19"]
[Round "3.6"]
[White "Werle, Jan"]
[Black "Sandipan, Chanda"]
[Result "1/2-1/2"]
[WhiteElo "2551"]
[BlackElo "2593"]
[PlyCount "106"]
[EventDate "2016.??.??"]

1. d4 d5 2. c4 c6 3. Nf3 Nf6 4. e3 Bg4 5. h3 Bh5 6. g4 Bg6 7. Ne5 Be4 8. f3
Bxb1 9. Rxb1 e6 10. Kf2 Nbd7 11. Kg2 h5 12. Nxd7 Nxd7 13. cxd5 cxd5 14. Bd3
hxg4 15. hxg4 Rxh1 16. Qxh1 Qa5 17. a3 Rc8 18. Qd1 a6 19. Bd2 Qb6 20. b4 Qd6
21. Rc1 Kd8 22. Rxc8+ Kxc8 23. Qh1 Kd8 24. g5 g6 25. Qh8 Ke8 26. a4 Nb6 27. a5
Nc4 28. Bxc4 dxc4 29. e4 Kd7 30. Be1 Be7 31. Bg3 Qxb4 32. Qb8 Bd8 33. Qf4 Ke8
34. d5 c3 35. Qe5 c2 36. Bf4 Qc4 37. Qh8+ Kd7 38. Qg7 exd5 39. Qxf7+ Be7 40.
exd5 Qe2+ 41. Kg3 Qe1+ 42. Kg2 c1=Q 43. Bxc1 Qxc1 44. Qe6+ Kd8 45. Qb6+ Qc7 46.
Qxg6 Qxa5 47. Qg8+ Kc7 48. f4 Qd2+ 49. Kg3 Qe2 50. Qf7 Kb8 51. Qg8+ Kc7 52. Qf7
Kb8 53. Qg8+ Kc7 1/2-1/2

[Event "BL 1617 Werder Bremen - SG Solingen"]
[Site "?"]
[Date "2016.11.19"]
[Round "3.7"]
[White "Nikolic, Predrag"]
[Black "Smerdon, David"]
[Result "1/2-1/2"]
[WhiteElo "2612"]
[BlackElo "2533"]
[PlyCount "59"]
[EventDate "2016.??.??"]

1. d4 d5 2. c4 dxc4 3. Nf3 a6 4. e3 b5 5. a4 Bb7 6. b3 e6 7. bxc4 bxc4 8. Bxc4
c5 9. O-O Nf6 10. Ba3 cxd4 11. Bxf8 Kxf8 12. Nxd4 Nc6 13. Nxc6 Qxd1 14. Rxd1
Bxc6 15. Rd6 Bd5 16. Bxd5 exd5 17. Rb6 Ke7 18. Rb7+ Ke6 19. Nd2 Rhb8 20. Rc7
Rc8 21. Rac1 Rxc7 22. Rxc7 Ne8 23. Rb7 Nd6 24. Rb6 Kd7 25. f3 Kc7 26. Rb3 Rb8
27. Rc3+ Kb6 28. Rb3+ Kc7 29. Rc3+ Kb6 30. Rb3+ 1/2-1/2

[Event "BL 1617 Werder Bremen - SG Solingen"]
[Site "?"]
[Date "2016.11.19"]
[Round "3.8"]
[White "Markgraf, Rolf-Alexander"]
[Black "Andersen, Mads"]
[Result "0-1"]
[WhiteElo "2523"]
[BlackElo "2542"]
[PlyCount "94"]
[EventDate "2016.??.??"]

1. e4 c5 2. Nf3 d6 3. d4 cxd4 4. Nxd4 Nf6 5. Nc3 a6 6. Be3 e6 7. f3 b5 8. Qd2
b4 9. Nce2 e5 10. Nb3 Nc6 11. c4 Be6 12. Ng3 h5 13. Bd3 h4 14. Ne2 Be7 15. O-O
a5 16. Qe1 a4 17. Nd2 Nd7 18. f4 Nc5 19. Bc2 exf4 20. Nxf4 Bf6 21. e5 Bxe5 22.
Nf3 Qa5 23. Nxe6 Nxe6 24. Be4 Rc8 25. Bd5 Qc7 26. Ng5 Nxg5 27. Bxg5 f6 28. Bxh4
Ne7 29. Be6 Qc5+ 30. Kh1 Rc7 31. h3 Bxb2 32. Rd1 Qe5 33. Bg3 Qxe1 34. Bxe1 Nc6
35. Rxd6 Ke7 36. Bg3 Be5 37. Bxe5 Nxe5 38. Ra6 Rc6 39. Rxc6 Nxc6 40. Bd5 Kd6
41. Rd1 Kc5 42. Kg1 Nd4 43. Kf2 Re8 44. Rd2 a3 45. Bf3 Nxf3 46. Kxf3 Re1 47.
Rd7 b3 0-1

[Event "BL 1617 Hamburger SK - SV Mülheim Nord"]
[Site "?"]
[Date "2016.11.19"]
[Round "3.1"]
[White "Navara, David"]
[Black "Svane, Rasmus"]
[Result "1-0"]
[WhiteElo "2725"]
[BlackElo "2546"]
[PlyCount "105"]
[EventDate "2016.??.??"]

1. e4 e6 2. d4 d5 3. Nd2 c5 4. Ngf3 cxd4 5. Nxd4 Nf6 6. exd5 Qxd5 7. Nb5 Na6 8.
Nc3 Qd6 9. a3 Bd7 10. Qf3 Bc6 11. Qe3 Be7 12. Nc4 Qc7 13. Qg3 Qxg3 14. hxg3 Ne4
15. Na5 Nxc3 16. Nxc6 Bf6 17. Bxa6 bxa6 18. g4 Ne4 19. f3 Rc8 20. Nb4 a5 21.
Nd3 Nc5 22. Ke2 O-O 23. c3 Rfd8 24. Rd1 Rd5 25. Nxc5 Rdxc5 26. Rd7 h5 27. gxh5
Rxh5 28. Bd2 Rb8 29. Rb1 Rbb5 30. a4 Rbe5+ 31. Kd3 Rh4 32. b4 Rd5+ 33. Rxd5
exd5 34. g4 Rh3 35. Rf1 Kf8 36. Bf4 Ke8 37. b5 Bd8 38. Kd4 f5 39. Be5 fxg4 40.
fxg4 Rh4 41. Kxd5 Rxg4 42. Bd4 Bb6 43. Bxb6 axb6 44. Kc6 Rxa4 45. Kxb6 Rc4 46.
Rg1 Kf7 47. Rc1 a4 48. Ka6 a3 49. b6 a2 50. Ra1 Rxc3 51. Rxa2 Rc8 52. b7 Rg8
53. Rc2 1-0

[Event "BL 1617 Hamburger SK - SV Mülheim Nord"]
[Site "?"]
[Date "2016.11.19"]
[Round "3.2"]
[White "Huschenbeth, Niclas"]
[Black "Tregubov, Pavel V"]
[Result "1-0"]
[WhiteElo "2548"]
[BlackElo "2586"]
[PlyCount "101"]
[EventDate "2016.??.??"]

1. e4 e6 2. d4 d5 3. Nd2 c5 4. exd5 exd5 5. Ngf3 Nc6 6. Bb5 Qe7+ 7. Be2 Nf6 8.
O-O Qc7 9. Re1 cxd4 10. Bb5+ Be7 11. Qe2 a6 12. Bxc6+ bxc6 13. Nxd4 Ra7 14. Qf3
Bg4 15. Qg3 Qxg3 16. hxg3 c5 17. Nc6 Rc7 18. Nxe7 Rxe7 19. Rxe7+ Kxe7 20. Nb3
Rc8 21. c3 Nd7 22. Be3 Kd6 23. Na5 f6 24. f3 Be6 25. Rd1 Rb8 26. Bf4+ Ne5 27.
Rd2 Kc7 28. Nb3 Rb5 29. Re2 Kd6 30. g4 g5 31. Bg3 Bd7 32. c4 Rb8 33. cxd5 Bb5
34. Rd2 Bc4 35. Na5 Bxa2 36. b3 Bxb3 37. Rb2 Kxd5 38. Nxb3 Rb5 39. Rd2+ Kc4 40.
Nc1 Rb1 41. Rc2+ Kb4 42. Bxe5 fxe5 43. Kf2 c4 44. Ke3 a5 45. Ke4 a4 46. Kxe5
Kc5 47. Nd3+ Kb5 48. Nb2 c3 49. Nxa4 Kxa4 50. Rxc3 Rb2 51. Kf6 1-0

[Event "BL 1617 Hamburger SK - SV Mülheim Nord"]
[Site "?"]
[Date "2016.11.19"]
[Round "3.3"]
[White "Fridman, Daniel"]
[Black "Hansen, Sune Berg"]
[Result "1/2-1/2"]
[WhiteElo "2596"]
[BlackElo "2590"]
[PlyCount "76"]
[EventDate "2016.??.??"]

1. c4 e5 2. g3 Nc6 3. Bg2 Bc5 4. Nc3 a6 5. Nf3 d6 6. e3 Ba7 7. d4 Bg4 8. h3
Bxf3 9. Bxf3 exd4 10. exd4 Nge7 11. Be3 Nf5 12. Qd3 Nfxd4 13. Bxd4 Nxd4 14.
Bxb7 Rb8 15. Qe4+ Qe7 16. O-O-O Qxe4 17. Bxe4 f5 18. Bg2 Kd7 19. Rd2 Rhf8 20.
Rhd1 Ne6 21. h4 Bc5 22. a3 a5 23. Kc2 Rbe8 24. Na4 Rb8 25. Bd5 Ba7 26. Bxe6+
Kxe6 27. Re2+ Kd7 28. Rd5 f4 29. Kd1 fxg3 30. fxg3 Rf1+ 31. Kc2 Rf2 32. Rxf2
Bxf2 33. Rf5 Bxg3 34. Rf7+ Kc6 35. Rxg7 Bxh4 36. Rxh7 Bf6 37. Nc3 Bxc3 38. Kxc3
Rg8 1/2-1/2

[Event "BL 1617 Hamburger SK - SV Mülheim Nord"]
[Site "?"]
[Date "2016.11.19"]
[Round "3.4"]
[White "Ernst, Sipke"]
[Black "Landa, Konstantin"]
[Result "1-0"]
[WhiteElo "2538"]
[BlackElo "2605"]
[PlyCount "233"]
[EventDate "2016.??.??"]

1. Nf3 d5 2. g3 g6 3. Bg2 Bg7 4. O-O e5 5. c4 dxc4 6. Nc3 Nc6 7. Qa4 Nge7 8.
Qxc4 O-O 9. d3 Be6 10. Qh4 f6 11. Qa4 Qd7 12. b3 f5 13. Ng5 e4 14. Bb2 exd3 15.
Rad1 d2 16. Nxe6 Qxe6 17. Rxd2 Rad8 18. Rfd1 Rxd2 19. Rxd2 a6 20. e3 Kh8 21.
Qa3 Qc8 22. Nd5 Nxd5 23. Bxd5 Rd8 24. Be6 Qa8 25. Bxg7+ Kxg7 26. Qb2+ Kh6 27.
Bd7 Qa7 28. Bxc6 Rxd2 29. Qxd2 bxc6 30. e4+ Kg7 31. Qc3+ Kf7 32. exf5 Qb6 33.
Qc4+ Kg7 34. fxg6 hxg6 35. b4 a5 36. bxa5 Qxa5 37. Qxc6 Qxa2 38. Qxc7+ Kh6 39.
h4 Qb1+ 40. Kh2 Qd1 41. Qf7 Qd8 42. Kh3 Qd1 43. Kg2 Qd8 44. Kh2 Qc8 45. Qe7 Qc2
46. Qf8+ Kh7 47. Qf7+ Kh6 48. g4 Qd1 49. Qf8+ Kh7 50. Qe7+ Kh8 51. Qe4 Qf1 52.
Qe3 Kg7 53. f3 Qb5 54. Qe7+ Kg8 55. Kg3 Qb8+ 56. Kh3 Qb1 57. Qe3 Kh7 58. Kg3
Qb8+ 59. Qf4 Qa7 60. Qc1 Qb8+ 61. Kg2 Qe5 62. Qd2 Kg7 63. Kh3 Kh7 64. Qd7+ Kg8
65. Qb7 Kh8 66. Qe4 Qb5 67. Qe3 Kg7 68. Qe7+ Kg8 69. Qd8+ Kg7 70. Qc7+ Kg8 71.
Kg3 Qd5 72. Qc8+ Kh7 73. Qb8 Kg7 74. Qb2+ Kh7 75. Qf6 Qc5 76. Qf7+ Kh8 77. Qe8+
Kg7 78. Qd7+ Kg8 79. Qd1 Qe5+ 80. f4 Qe3+ 81. Qf3 Qe1+ 82. Kh3 Kg7 83. Qb7+ Kh8
84. Qa8+ Kg7 85. Qf3 Qe6 86. Qc3+ Kh7 87. Kg3 Qb6 88. Qf3 Kg7 89. g5 Qc5 90.
Qb7+ Kg8 91. Kf3 Qc4 92. Qb8+ Kh7 93. Qd6 Kg7 94. Ke3 Qc3+ 95. Ke4 Qe1+ 96. Kd5
Qxh4 97. Qe5+ Kh7 98. Ke6 Qf2 99. Qc7+ Kg8 100. Qf7+ Kh8 101. Qf8+ Kh7 102.
Qh6+ Kg8 103. Qxg6+ Kh8 104. Qf6+ Kg8 105. Qd8+ Kg7 106. Qc7+ Kg8 107. Kf6 Qd4+
108. Qe5 Qd8+ 109. Qe7 Qd4+ 110. Kg6 Qb6+ 111. Qf6 Qc7 112. Qe6+ Kf8 113. Qf5+
Kg8 114. Qd5+ Kf8 115. Qa8+ Ke7 116. f5 Qc2 117. Qd5 1-0

[Event "BL 1617 Hamburger SK - SV Mülheim Nord"]
[Site "?"]
[Date "2016.11.19"]
[Round "3.5"]
[White "Berelowitsch, Alexander"]
[Black "Ftacnik, Lubomir"]
[Result "0-1"]
[WhiteElo "2527"]
[BlackElo "2560"]
[PlyCount "46"]
[EventDate "2016.??.??"]

1. e4 c5 2. Nf3 d6 3. d4 cxd4 4. Nxd4 Nf6 5. Nc3 a6 6. g3 Nc6 7. Bg2 Bg4 8.
Nxc6 bxc6 9. Qd3 e5 10. f4 Be6 11. b3 Be7 12. fxe5 Ng4 13. exd6 Bxd6 14. Bb2
Qg5 15. Qd2 Qe3+ 16. Qxe3 Nxe3 17. Ke2 Nxg2 18. Kf3 Bh3 19. Ne2 Bc5 20. Bd4
Bxd4 21. Nxd4 O-O-O 22. Nxc6 Rd2 23. Ne5 h5 0-1

[Event "BL 1617 Hamburger SK - SV Mülheim Nord"]
[Site "?"]
[Date "2016.11.19"]
[Round "3.6"]
[White "Lampert, Jonas"]
[Black "Levin, Felix"]
[Result "1-0"]
[WhiteElo "2500"]
[BlackElo "2528"]
[PlyCount "135"]
[EventDate "2016.??.??"]

1. e4 e5 2. Nf3 Nc6 3. Bb5 Nf6 4. O-O Nxe4 5. Re1 Nd6 6. a4 Be7 7. Nc3 O-O 8.
d4 Nxb5 9. axb5 Nxd4 10. Nxd4 exd4 11. Nd5 Bf6 12. Qf3 d6 13. Nxf6+ Qxf6 14.
Qxf6 gxf6 15. Bh6 Rd8 16. Re7 Bf5 17. Rxc7 Rac8 18. Rxc8 Rxc8 19. Rxa7 Bxc2 20.
Rxb7 d3 21. b6 Ba4 22. f3 f5 23. Rc7 Rxc7 24. bxc7 Bd7 25. Kf2 f6 26. Ke3 Kf7
27. Kxd3 Be6 28. b4 Ke7 29. b5 Bc8 30. Be3 Kd7 31. Bb6 Bb7 32. Ke3 Ke6 33. Bd4
Bc8 34. Kd3 Bb7 35. Kc4 Kd7 36. b6 Ba6+ 37. Kb4 Bf1 38. g3 Bg2 39. f4 Bb7 40.
Kb5 h5 41. Bxf6 Bc8 42. Bc3 Bb7 43. Bb4 Bc8 44. Bd2 Bb7 45. Be3 Bc8 46. Kc4 Bb7
47. Kd3 Ke6 48. Ke2 Bc8 49. Kf2 Bb7 50. Bd2 Kd7 51. Be3 Ke6 52. Bc1 Kd7 53. h3
Ke6 54. Ba3 Bc8 55. Bb2 Bb7 56. Bc3 Bc8 57. Bb4 Bb7 58. g4 fxg4 59. hxg4 hxg4
60. Kg3 Kf5 61. Bxd6 Bc8 62. Bc5 Bb7 63. Bg1 Bc8 64. Bh2 Bb7 65. Kh4 Bc8 66.
Kh5 Bb7 67. Kh6 Kf6 68. Bg3 1-0

[Event "BL 1617 Hamburger SK - SV Mülheim Nord"]
[Site "?"]
[Date "2016.11.19"]
[Round "3.7"]
[White "Feygin, Michael"]
[Black "Heinemann, Thies"]
[Result "0-1"]
[WhiteElo "2473"]
[BlackElo "2466"]
[PlyCount "122"]
[EventDate "2016.??.??"]

1. e4 c5 2. Nf3 d6 3. d4 cxd4 4. Nxd4 Nf6 5. Nc3 a6 6. g3 e5 7. Nb3 Be6 8. Bg2
Nbd7 9. O-O Be7 10. Re1 O-O 11. a4 Qc7 12. Nd2 Qc6 13. Nf1 b5 14. Ne3 g6 15.
Nf5 gxf5 16. exf5 d5 17. fxe6 fxe6 18. Bh6 Rfc8 19. axb5 axb5 20. Rxa8 Rxa8 21.
Qd2 Kf7 22. Bg5 b4 23. Ne2 Rc8 24. c3 Qb6 25. Rf1 bxc3 26. bxc3 Bc5 27. Bxf6
Nxf6 28. Kh1 Rb8 29. Nc1 Bd6 30. f3 Qb2 31. Qe3 d4 32. cxd4 exd4 33. Qe1 Qc2
34. Qd1 Qxd1 35. Rxd1 Rb1 36. Rf1 Nd5 37. Nd3 Rb3 38. Nf2 Ne3 39. Ra1 Rb2 40.
Ne4 Bxg3 41. hxg3 Nxg2 42. Ra7+ Kg6 43. Re7 Ne1 44. Rxe6+ Kf5 45. Rh6 Nxf3 46.
Nd6+ Kg5 47. Rxh7 d3 48. Rg7+ Kh5 49. g4+ Kh4 50. Nf5+ Kh3 51. Rh7+ Kxg4 52.
Ne3+ Kf4 53. Nd5+ Kg5 54. Rh8 Re2 55. Rg8+ Kh4 56. Rh8+ Kg3 57. Rg8+ Kf2 58.
Rg2+ Kf1 59. Nf4 Rxg2 60. Nxg2 d2 61. Ne3+ Ke2 0-1

[Event "BL 1617 Hamburger SK - SV Mülheim Nord"]
[Site "?"]
[Date "2016.11.19"]
[Round "3.8"]
[White "Sebastian, Dirk"]
[Black "Hausrath, Daniel"]
[Result "1/2-1/2"]
[WhiteElo "2454"]
[BlackElo "2484"]
[PlyCount "102"]
[EventDate "2016.??.??"]

1. e4 c5 2. Nc3 Nc6 3. Nf3 g6 4. d4 cxd4 5. Nxd4 Bg7 6. Be3 Nf6 7. Bc4 O-O 8.
Bb3 Re8 9. O-O d6 10. h3 Na5 11. Re1 b6 12. Bg5 Nxb3 13. axb3 Bb7 14. Qd3 a6
15. Nd5 e6 16. Nxf6+ Bxf6 17. Bxf6 Qxf6 18. c3 Rad8 19. Nf3 b5 20. Qe3 Qe7 21.
Rad1 Rc8 22. h4 Red8 23. h5 gxh5 24. Qh6 Kh8 25. Qxh5 Rg8 26. Qh4 Qxh4 27. Nxh4
Rg4 28. g3 Rxe4 29. Rxe4 Bxe4 30. Rxd6 a5 31. Ra6 b4 32. f3 Bd3 33. Rxa5 bxc3
34. bxc3 Rxc3 35. Ra7 Kg7 36. Rb7 Rc2 37. Ng2 Be2 38. Ne1 Rb2 39. b4 h5 40. Rb8
e5 41. Rb6 f6 42. Rb8 Kf7 43. Rb7+ Ke6 44. Rh7 Rb3 45. Kf2 Bd1 46. Rxh5 e4 47.
Rh4 Bxf3 48. Rf4 Rb2+ 49. Kg1 Rb1 50. Kf2 Rb2+ 51. Kg1 Rb1 1/2-1/2

[Event "BL 1617 OSG Baden Baden - Schwäbisch H"]
[Site "?"]
[Date "2016.11.19"]
[Round "3.1"]
[White "Inarkiev, Ernesto"]
[Black "Svidler, Peter"]
[Result "1-0"]
[WhiteElo "2714"]
[BlackElo "2742"]
[PlyCount "51"]
[EventDate "2016.??.??"]

1. e4 e5 2. Nf3 Nc6 3. Bb5 a6 4. Ba4 Nf6 5. O-O Be7 6. Re1 b5 7. Bb3 d6 8. c3
O-O 9. h3 Na5 10. Bc2 c5 11. d4 Nd7 12. Nbd2 exd4 13. cxd4 Nc6 14. d5 Nce5 15.
a4 Rb8 16. Nxe5 Nxe5 17. axb5 axb5 18. f4 Ng6 19. Nf3 Bh4 20. Rf1 Bg3 21. f5
Ne5 22. Ng5 Bh4 23. f6 h6 24. Qh5 gxf6 25. Nh7 Kxh7 26. Qxh4 1-0